Dielo storočia

Bibliographic Details
Main Author: Bendek, Ján (Author)
Format: Article
Language:Slovak
Subjects:

MARC

LEADER 00000nab a2200000 a 4500
001 vtls000045482
003 SK-MaSNL
005 20260303183101.0
008 111103c1979 xo 0 slo
015 |a SNBRB19rr/mm-uuuuu 
035 |a CL0055577 
040 |a SNKBUCL  |b slo  |c SNKBUCL  |e AACR2 
041 0 |a slo 
044 |a xo  |c SK 
080 |a 621.31  |2 1981 
100 1 |a Bendek, Ján  |4 aut  |9 1211903 
245 1 0 |a Dielo storočia  |c Ján Bendek 
650 0 7 |a priehrady  |2 SNKPH  |9 21151 
650 0 7 |a vodné elektrárne  |2 SNKPH  |9 28806 
651 7 |a Gabčíkovo (Slovensko : vodné dielo)  |2 SNKPHgeo  |9 131675 
655 7 |a články z novín a časopisov  |2 SNK  |9 267496 
773 0 |t Roľnícke noviny  |g Roč. 34, č. 299 (19. 12. 1979), s. 6 
850 |a Slovenská národná knižnica v Martine  |a MTA001 
852 |a SNK  |b KIS3GCP 
958 |a RK 
992 |a RBX 
999 |c 2119321  |d 2121251